| 000 | 00663nam a2200169 a 4500 | ||
|---|---|---|---|
| 001 | 000030350 | ||
| 005 | 20200930062252.0 | ||
| 008 | 110510s2002 dr bc 000 0 spa d | ||
| 040 |
_aDO-SdBNP _bspa _cBNPHU |
||
| 041 | 1 | 7 |
_aspa _beng |
| 082 |
_axxxx _bO68m |
||
| 110 | 2 |
_aOrganización de las Naciones Unidas para la Educación, la Ciencia y la Tecnología _957001 |
|
| 245 | 1 | 0 |
_aManos creadoras : diversidad artesanal dominicana = Creative hands : a diversite of dominicana crafts / _cintroducción José de Ferrari. |
| 260 |
_aSanto Domingo : _bInstituto Dominicana de Desarrollo Integral, _c2002. |
||
| 300 |
_a43 p. : _bmapa, retras ; _c23 cm. |
||
| 049 | _aBNPD | ||
| 999 |
_c29842 _d29842 |
||